[Event "Icelandic Cup 2021"]
[Site "Reykjavik"]
[Date "2021.03.12"]
[Round "2.6"]
[White "Stefansson, Hannes"]
[Black "Gretarsson, Helgi Ass"]
[Result "1-0"]
[WhiteElo "2536"]
[BlackElo "2440"]
[Annotator "TA"]
[PlyCount "45"]
[EventDate "2021.03.03"]
[EventType "k.o."]
[EventCountry "ISL"]
[SourceTitle "playchess.com"]
[Source "ChessBase"]
[SourceQuality "1"]

{[%evp 9,45,54,43,16,31,16,22,17,27,59,45,36,79,75,104,100,171,160,195,197,193,178,334,318,360,358,343,324,372,237,232,165,530,602,1068,1031,2497,1361]} 1. e4 g6 2. d4 Bg7 3. Nc3 d6 4. Be3 a6 5. Qd2 b5 6. h4 {B06: Modern Defence.} h5 7. O-O-O Nf6 8. f3 {The position is equal.} c6 9. Kb1 Qc7 10. Bf4 Nfd7 11. Nh3 {[#]} a5 $146 ({Predecessor:} 11... b4 12. Na4 c5 13. Nxc5 Nxc5 14. dxc5 Qxc5 15. Be3 Qe5 16. Qxb4 Nc6 17. Qa3 Rb8 {0-1 (52) Kuipers,S (2477)-Ten Hertog,H (2453) Apeldoorn 2018}) 12. Ng5 Ba6 {[#]} (12... a4 $16) 13. g4 $1 $18 b4 14. Na4 Bb5 {[#]} 15. Nc5 $1 {[%mdl 512]} Qa7 $2 (15... Bxf1 16. Rhxf1 (16. Rdxf1 Qb6 $14) 16... Bf6) 16. Nxd7 Nxd7 17. Bxb5 cxb5 18. e5 Nb6 19. exd6 Nc4 20. Qe2 {aiming for Rhe1.} O-O $2 (20... Kf8 21. dxe7+ Qxe7 22. Qxe7+ Kxe7) 21. gxh5 {White is clearly winning.} Bxd4 22. hxg6 fxg6 23. Qe4 {Black got outplayed after the opening.  Weighted Error Value: White=0.11/Black=0.51} 1-0

[Event "Icelandic Cup 2021"]
[Site "Reykjavik"]
[Date "2021.03.13"]
[Round "3.1"]
[White "Stefansson, Hannes"]
[Black "Gretarsson, Hjorvar Steinn"]
[Result "0-1"]
[WhiteElo "2536"]
[BlackElo "2578"]
[Annotator "TA"]
[PlyCount "50"]
[EventDate "2021.03.03"]
[EventType "tourn"]
[EventCountry "ISL"]
[SourceTitle "playchess.com"]
[Source "ChessBase"]
[SourceQuality "1"]

{[%evp 14,50,29,29,34,0,17,-29,-18,-17,-17,-17,-18,-18,-24,-15,-23,-20,-25,-77,-70,-133,-135,-137,-137,-143,-130,-302,-322,-309,-311,-297,-197,-394,-384,-487,-504,-716,-703]} 1. e4 c5 2. Nf3 d6 3. d4 cxd4 4. Nxd4 Nf6 5. Nc3 a6 6. Bg5 e6 7. f4 h6 8. Bh4 Nbd7 {B96: Sicilian Najdorf: 6 Bg5 e6 7 f4, lines other than 7...Qb6 and 7...Be7.} 9. Be2 Be7 10. O-O Qb6 {aiming for ...e5.Black has an edge.} 11. Bf2 {[#] Black must now prevent Nxe6!} Qxb2 {[#]} 12. Qd3 $146 ({Predecessor:} 12. Qd2 Qb4 13. Rad1 Nc5 14. Bf3 Na4 15. Nxa4 Qxa4 16. e5 dxe5 17. fxe5 Nd5 18. Nf5 exf5 19. Bxd5 {0-1 (46) Averchenko,E (2184)-Sharafiev,A (2428) Khanty-Mansiysk 2012}) 12... Nc5 13. Qf3 e5 {And now ...Bg4 would win.} 14. Nf5 Bxf5 15. exf5 {Threatening Bxc5.} Rc8 16. Bc4 (16. Rab1 $11 {keeps the balance.} Qa3 17. Nd5 (17. Qg3 exf4 18. Qf3 b5 $15) 17... Qxf3 18. Bxf3) 16... b5 {Hoping for ...e4.} 17. Rab1 Qxc2 $17 18. fxe5 dxe5 ({Much weaker is} 18... bxc4 $6 19. exf6 Bxf6 20. Rbe1+ Kf8 21. Nd5 $11) 19. Rfc1 Qd2 20. Nxb5 {Now White is beyond hope.} (20. Nd5 $17 e4 21. Qg3 Nxd5 22. Rd1) 20... axb5 $19 21. Bxb5+ Kf8 22. Ba6 {[#]} e4 $1 {[%mdl 512]} 23. Qg3 (23. Qe3 Qxe3 24. Bxe3) 23... Rd8 ({Weaker is} 23... Nxa6 24. Rxc8+ Ne8 25. Qb3 $14) 24. Bxc5 Bxc5+ 25. Rxc5 Qd4+ {[%mdl 64] Double Attack.  Weighted Error Value: White=0.48/Black=0.09} 0-1

[Event "Icelandic Cup 2021"]
[Site "Reykjavik"]
[Date "2021.03.14"]
[Round "3.2"]
[White "Gretarsson, Hjorvar Steinn"]
[Black "Stefansson, Hannes"]
[Result "1-0"]
[WhiteElo "2578"]
[BlackElo "2536"]
[Annotator "TA"]
[PlyCount "61"]
[EventDate "2021.03.03"]
[EventType "tourn"]
[EventCountry "ISL"]
[SourceTitle "playchess.com"]
[Source "ChessBase"]
[SourceQuality "1"]

{[%evp 9,61,2,2,2,0,3,23,12,16,18,20,9,24,14,70,37,50,35,33,36,47,62,92,79,84,60,51,51,84,45,103,98,117,114,266,198,186,166,611,619,577,589,635,631,837,816,943,940,1072,1018,976,716,678,654]} 1. c4 Nf6 2. Nc3 e5 3. Nf3 Nc6 4. e4 Bb4 5. d3 d6 6. a3 {A28: English Opening: Four Knights Variation.} Bxc3+ 7. bxc3 Ne7 8. g3 {White has an edge.} Ng6 9. Bg2 {[#]} Bd7 $146 ({Predecessor:} 9... O-O 10. O-O Bd7 11. a4 a5 12. Ne1 Qc8 13. Nc2 Bh3 14. Ne3 Re8 15. Rb1 b6 {0-1 (45) Vakhidov,J (2533)-Makhnev,D (2480) Europe Echecs INT 2021}) 10. h3 Qc8 11. Bg5 Be6 ({Black should try} 11... Qd8 $11) 12. Nd2 (12. Bxf6 $5 gxf6 13. Nd2 $14) 12... Ng8 13. d4 N8e7 14. h4 f6 15. Be3 b6 16. f4 Bg4 17. Qb3 {Hoping for h5.} h5 $1 18. f5 $36 {[%mdl 2048] White has the initiative.} Nf8 19. c5 dxc5 ({Better is} 19... bxc5 $14 20. dxe5 fxe5) 20. dxe5 $16 fxe5 21. Bg5 Qd7 $2 {[#] A mistake that costs the game.} (21... Nh7 $16 {was worth a try.}) 22. Nf3 Bxf3 23. Bxf3 {Strongly threatening Be2.} O-O-O $2 (23... Qc6) 24. Rd1 $18 {White is clearly winning.} Qe8 {[#]} 25. Rxd8+ {[%mdl 64] Overworked Piece} Qxd8 26. Qf7 {[%csl LRe7,LRg7,LRh5]} Qd3 27. Kf2 Qc2+ 28. Be2 Nfg6 29. fxg6 Nxg6 30. Qf5+ Kb8 31. Rc1 {Weighted Error Value: White=0.10/Black=0.53} ({Weaker is} 31. Qxg6 Rf8+ 32. Ke1 Qxc3+ 33. Bd2 Qa1+ 34. Bd1 Qd4 $18) 1-0